000 00936nam a2200229Ii 4500
003 JO-AjNU
008 230605s9999||||xx |||||||||||||| ||und||
017 _a1999/18138
020 _a977-282-069-2
040 _aJO-AjNU
_bara
_erda
_cJO-AjNU
041 _aara
050 1 4 _aHM251 2000
100 3 _a تأليف : دافيدوف،ليندا ؛ ترجمة : نجيب ألفونس خزام، سيد الطواب ؛ مراجعة : فؤاد أبو حطب,
_eauthor
_99894
245 0 0 _aالسلوك الاجتماعي : الوراثة -البيئة والروابط الاجتماعية
250 _aط1
264 3 1 _aالقاهرة: الدار الدولية للاستثمارات الثقافية، 2000
300 _a147ص
336 _atext
_btxt
_2rdacontent
337 _aunmediated
_bn
_2rdamedia
338 _avolume
_bnc
_2rdacarrier
650 4 _aالسلوك الاجتماعي - علم النفس الاجتماعي
_99895
999 _aA1531
_c5099
_d5099